চেক ডিসঅনার সংক্রান্ত মামলার বিচার পদ্ধতি : (Record no. 7055)
[ view plain ]
| 000 -LEADER | |
|---|---|
| fixed length control field | 01021nam a22002057a 4500 |
| 003 - CONTROL NUMBER IDENTIFIER | |
| control field | BUBTL |
| 008 - FIXED-LENGTH DATA ELEMENTS--GENERAL INFORMATION | |
| fixed length control field | 230611b ||||| |||| 00| 0 eng d |
| 020 ## - INTERNATIONAL STANDARD BOOK NUMBER | |
| International Standard Book Number | 9789843500076 |
| 082 ## - DEWEY DECIMAL CLASSIFICATION NUMBER | |
| Classification number | 346/ Ah52c/ 2021 |
| 100 ## - MAIN ENTRY--PERSONAL NAME | |
| 9 (RLIN) | 5334 |
| Personal name | আহমেদ, এম আলী |
| 245 ## - TITLE STATEMENT | |
| Title | চেক ডিসঅনার সংক্রান্ত মামলার বিচার পদ্ধতি : |
| Remainder of title | (ড্রাফটিং, জেরা ও জবানবন্দিসহ) / |
| Statement of responsibility, etc. | এম আলী আহমেদ |
| 250 ## - EDITION STATEMENT | |
| Edition statement | 1st ed. |
| 260 ## - PUBLICATION, DISTRIBUTION, ETC. (IMPRINT) | |
| Place of publication, distribution, etc. | ঢাকা: |
| Name of publisher, distributor, etc. | জুডিকেচার পাবলিকেশন, |
| Date of publication, distribution, etc. | c2021 |
| 300 ## - PHYSICAL DESCRIPTION | |
| Extent | xviii, 437 p.: |
| Dimensions | 22 cm. |
| 505 ## - FORMATTED CONTENTS NOTE | |
| Formatted contents note | চেক ডিসঅনার সংক্রান্ত মামলার বিচার পদ্ধতি, চেক ডিসঅনার, ড্রাফটিং, জেরা, এম আলী আহমেদ, Law |
| 650 #0 - SUBJECT ADDED ENTRY--TOPICAL TERM | |
| 9 (RLIN) | 26 |
| Topical term or geographic name as entry element | Law |
| 856 ## - ELECTRONIC LOCATION AND ACCESS | |
| Password | 0 |
| Logon | 0 |
| Link text | Download |
| 942 ## - ADDED ENTRY ELEMENTS (KOHA) | |
| Source of classification or shelving scheme | |
| Koha item type | Books |
| Withdrawn status | Lost status | Source of classification or shelving scheme | Damaged status | Not for loan | Collection code | Permanent location | Current location | Shelving location | Date acquired | Source of acquisition | Inventory number | Total Checkouts | Full call number | Barcode | Date last seen | Copy number | Price effective from | Koha item type |
|---|---|---|---|---|---|---|---|---|---|---|---|---|---|---|---|---|---|---|
| Not For Loan | Non-fiction | Bangladesh University of Business and Technology Library | Bangladesh University of Business and Technology Library | Law Stacks | 05/25/2023 | Purchase | 29467 | 346/ Ah52c/ 2021 | BUBTL-200329467 | 06/11/2023 | C-1 | 06/11/2023 | Books | |||||
| Not For Loan | Non-fiction | Bangladesh University of Business and Technology Library | Bangladesh University of Business and Technology Library | Law Stacks | 05/25/2023 | Purchase | 29468 | 346/ Ah52c/ 2021 | BUBTL-200329468 | 06/11/2023 | C-2 | 06/11/2023 | Books | |||||
| Not For Loan | Non-fiction | Bangladesh University of Business and Technology Library | Bangladesh University of Business and Technology Library | Law Stacks | 05/25/2023 | Purchase | 29469 | 346/ Ah52c/ 2021 | BUBTL-200329469 | 06/11/2023 | C-3 | 06/11/2023 | Books |
